| 000 | 01044nam a22002057a 4500 | ||
|---|---|---|---|
| 008 | 230206s2020 xxk|||||o|||| 00| 0 eng d | ||
| 041 | _aeng | ||
| 110 | _aRoyal Institution of Chartered Surveyors | ||
| 245 |
_aCOVID-19 guide to surveying services: Inspections and visits for non-domestic properties during COVID-19 _c[Scotland] _b[withdrawn] _h[Electronic resource] |
||
| 260 |
_aLondon, _bRoyal Institution of Chartered Surveyors, _cNovember 2020 |
||
| 300 | _a10p. | ||
| 520 | _aThe purpose of this guidance is to enable RICS professionals and RICS regulated firms to deliver services to clients safely, consistently and in line with Scottish government guidelines. | ||
| 650 | _aCOVID | ||
| 651 | _aScotland | ||
| 690 |
_96225 _aBuilding surveying |
||
| 690 |
_96244 _aHealth and safety |
||
| 710 | _aRoyal Institution of Chartered Surveyors | ||
| 856 |
_uhttps://www.isurv.com/downloads/file/7878/beyond_covid-19_inspections_and_visits_for_non-domestic_properties_scotland _zArchived on isurv (subscription required) |
||
| 942 | _n0 | ||
| 999 |
_c121358 _d121358 |
||